Score 0/30 Timer 05:00
1 Play Today
% Correct
Aqua
95.2%
All the King's Men
93.8%
Ace of Base
90.7%
Aida
86.5%
Annie Get Your Gun
86.1%
An American in Paris
84.7%
Animal Farm
84.1%
Avenue Q
82.6%
Aardvark
82%
Annie Hall
80.5%
Abu Dhabi
73.3%
Alabama
73.2%
Anything Goes
72.9%
Antelope
71.4%
American Beauty
70.5%
% Correct
Assassins
69.4%
Anna Karenina
58.4%
Alice in Chains
58.1%
Alligator
52.4%
Atlas Shrugged
51.7%
Amsterdam
50.6%
Athens
50.3%
Amadeus
48.3%
Armadillo
40.4%
Absalom, Absalom!
38.2%
Albatross
32.3%
Algiers
31.1%
The Apartment
22.3%
Aerosmith
21.5%
AsunciĆ³n
14%

You're not logged in!

Compare scores with friends on all Sporcle quizzes.
OR
Log In

Sporcle TV

Today on Sporcle TV


Watch our educational content, quiz creation guides, and fun videos on Sporcle TV.

Show Comments

Extras

Top Quizzes Today


Score Distribution

Your Account Isn't Verified!

In order to create a playlist on Sporcle, you need to verify the email address you used during registration. Go to your Sporcle Settings to finish the process.

Report this User

Report this user for behavior that violates our Community Guidelines.

Details: